000 01474nam a22002057a 4500
003 JO-AjAnu
005 20231211101811.0
008 231211b jo ||||| |||| 00| 0 ara d
040 _aJO-AjAnu
_bara
_cJO-AjAnu
041 _aara
050 _aHD8766 2023
100 1 _aبني فواز، ردينا سليمان عبدالله
_964889
_eمعد
245 2 0 _aالدور المعدل للكفاءة التكنولوجية على العلاقة بين توظيف القيادة الهجنية والتعلم عن بعد في الجامعات الخاصة الاردنية : دراسة تطبيقية من وجهة نظر اعضاء االتدريس = The Moderating Role of Technological Efficiency on the Relationship Between Using Hybrid Leadership and Distance Learning at Jordanian private Universities : an Applied Study from faculty Members point of View /
_cاعداد ردينا سليمان عبدالله بني فواز ؛ اشراف نضال فواز القضاة
260 _aعجلون، الاردن :
_bجامعة عجلون الوطنية،
_c2023
300 _a128 ورقة
504 _a رسالة جامعية (ماجستير) .-جامعة عجلون الوطنية(عجلون، الأردن)، كلية ادارة الاعمال، قسم ادارة الاعمال، 2023
650 7 0 _aالابداع في الادارة - التطوير الاداري
_964891
700 1 _aالقضاة، نضال فواز
_964892
_eمشرف
942 _2lcc
_cTHS
_n0
999 _c33265
_d33265